| 000 | 00545nam a2200193Ia 4500 | ||
|---|---|---|---|
| 999 |
_c3251 _d3251 |
||
| 003 | OSt | ||
| 005 | 20200812150256.0 | ||
| 008 | 190216s9999||||xx |||||||||||||| ||und|| | ||
| 020 | _a9788125918578 | ||
| 040 | _coclc | ||
| 082 |
_a547 _bTEW/T |
||
| 100 |
_aTewari, K S _94079 |
||
| 245 | 0 |
_aA Textbook Of Organic Chemistry / _cK S Tewari ; N K Vishnoi |
|
| 250 | _a3rd Ed. | ||
| 260 |
_bVikas Publishing House, _aNew Delhi: _c2006. |
||
| 300 | _a1358p | ||
| 650 | _aChemistry | ||
| 942 |
_cBK _2ddc _h547 _iTEW/T _k547 _mTEW/T |
||